Pokémon - Les attaques de Sulfura - Statistiques

Statistiques générales
  • Ce quiz a été pris 25 fois
  • Le résultat moyen est 8 sur 16
Statistiques - réponses
Niveaux Types Noms des attaques % Correct
Niveau 5 Feu Flammèche
83%
Niveau 15 Vol Cru-Ailes
72%
Niveau 70 Vol Piqué
67%
Niveau 25 Roche Pouvoir Antique
61%
Niveau 55 Vol Vent Violent
61%
Niveau 40 Vol Atterrissage
56%
Niveau 20 Psy Hâte
56%
Niveau 35 Vol Lame d'Air
56%
Départ Vol Tornade
56%
Niveau 45 Feu Canicule
50%
Départ Normal Groz'Yeux
50%
Niveau 30 Feu Calcination
39%
Niveau 65 Feu Flamme Ultime
39%
Niveau 50 Feu Zénith
28%
Niveau 10 Normal Rune Protect
17%
Niveau 60 Normal Ténacité
11%
Aucun quiz correspondant
Distribution des résultats
% des personnes avec chaque résultat
Percentile par nombre de réponses
Votre historique - résultats
Vous n’avez pas pris ce quiz